Ο ζωγράφος του Θησέα : η αττική αγγειοπλαστική στην εποχή της νεοσύστατης αθηναϊκής δημοκρατίας

Αποθηκεύτηκε σε:
Λεπτομέρειες βιβλιογραφικής εγγραφής
Κύριος συγγραφέας: Φριτζίλας, Σταμάτης
Μορφή: Βιβλίο
Γλώσσα:Greek
Δημοσίευση: Αθήνα : Αρχαιολογική Εταιρεία, 2006
Σειρά:Βιβλιοθήκη της εν Αθήναις Αρχαιολογικής Εταιρείας ; ; 245
Θέματα:
Ετικέτες: Προσθήκη ετικέτας
Δεν υπάρχουν, Καταχωρήστε ετικέτα πρώτοι!

MARC

LEADER 00000cam a2200000 i 4500
001 1/86017
008 080522s2006 gre d
020 |a 978-960-8145-60-3 
035 |l 10097563 
040 |a GR-MY-UA  |b gre  |e aacr 
041 0 |a gre 
082 0 |a 738.38209385  |2 (22) 
100 1 |a Φριτζίλας, Σταμάτης. 
245 1 2 |a Ο ζωγράφος του Θησέα :  |b η αττική αγγειοπλαστική στην εποχή της νεοσύστατης αθηναϊκής δημοκρατίας /  |c Σταμάτης Φριτζίλας 
260 |a Αθήνα :   |b Αρχαιολογική Εταιρεία,   |c 2006 
300 |a κς', 340 σ., 134 σ. με πίνακες ;  |b εικ., πίν.;  |c 30 εκ. 
490 1 |a Βιβλιοθήκη της εν Αθήναις Αρχαιολογικής Εταιρείας  |v ; 245 
504 |a Περιλαμβάνει βιβλιογραφίες και ευρετήριο 
650 0 0 |a Vase-painting, Greek. 
650 0 0 |a Pottery, Greek. 
830 0 |a Βιβλιοθήκη της εν Αθήναις Αρχαιολογικής Εταιρείας ;  |v ; 245 
852 |a INST  |b RHODES  |e 20080522  |h 738.38209385 ΦΡΙ  |p 005400029105  |q 005400029105  |t BK  |y 0 
901 |a BIBL4-2008-2 
909 |a Ρ  |b 150202 
970 |a ΜΙΣΣΟΣ  |b ΣΤΑΥΡΟΣ  |z 2008/05/22